El Salvador: la situación política actual

محفوظ في:
التفاصيل البيبلوغرافية
التنسيق: نص
الموضوعات:
الوسوم: إضافة وسم
لا توجد وسوم, كن أول من يضع وسما على هذه التسجيلة!

MARC

LEADER 00000 a a2200000 04500
001 42648
003
040
245 |a El Salvador:   |b la situación política actual  
650 |a POLITICA  
650 |a DEMOCRACIA  
650 |a CRISIS  
650 |a MILITARISMO  
650 |a EL SALVADOR  
773 |g volumen4, número34 (1980), Pàgina: 389  
999 |c 23203  |d 23203 
773 0 |0 42391  |9 3842  |a Agencia Latinoamericana de Información, ALAI  |d Quito, Ecuador: ALAI  |o 04455  |t ALAI:  |x 08275564 (Servicio mensual de información y documentación)